000 00344nam a22001337a 4500
020 _a0596009658
082 _222
_a005.438
100 _aNewham, Cameron and Rosenblatt, Bill.
245 _aLearning the bash shell /
250 _a3rd ed.
260 _aCalifornia,
_bO'Reilly,
_cc2005.
300 _axvi, 333p. ;
_bill. ;
_c23 cm.
942 _2ddc
_cIT
999 _c2163
_d2163